000
00350nam a2200133Ia 4500
008
151001s9999||||xx |||||||||||||| ||und||
100
_a
बर्च बेव्हली
245
_a
लुई ब्रेल
250
_a
1
260
_b
ओरीयंट लॉगमन लि
260
_c
2007
300
_a
70
365
_b
21
999
_c
989434
_d
989431